000 00588nam a22001697a 4500
020 _qHard Cover.
082 _a200
100 _aSaleem, Joham
245 _aEXERGY ANALYSIS OF SOLAR DESALINATION SYSTEM UNDER HYDROSTATICALLY CREATED VACUUM /
_cJoham Saleem.
260 _aKarachi.
_bPNEC - NUST,
_c2016.
300 _a50 p. : ill. ;
_c30cm.
650 _aMS-Mechanical Engineering
700 _aSupervisor: Dr. Shafiq ur Rehman.
_9127320
856 _uhttp://10.250.8.41:8080/xmlui/handle/123456789/41290
942 _2ddc
_cSC
999 _c535406
_d535406